000 00970nam a22003137a 4500
003 CHAP
005 20220329133338.0
008 971013s1985 r 00010 d
010 _a5204
011 _a6176
035 _a5396
040 _cCHAP
082 _a574.5
_bE83
110 _aE.U.A. Council on Environmental Quality
_934873
245 _aAnnual report
260 _aWashington :
_bThe Council,
_c1985
300 _av. p.
_b: ilus. ; apƩnds.
500 _a56-151
500 _aLa biblioteca tiene: v.16, 1985
590 _aBATCH-UPD
_b10
_c20130110
_lUCH01
_h1933
590 _aBATCH-UPD
_b10
_c20130410
_lUCH01
_h1258
590 _aBATCH-UPD
_b10
_c20130914
_lUCH01
_h1808
590 _aCONVERSION
_b10
_c20130109
_lUCH01
_h1304
650 1 4 _aMedio ambiente
_xCongresos.
_974067
650 1 4 _aMedio ambiente
_xInvestigación
_xCongresos.
_974094
901 _aBK
942 _cLIBRO
949 _a574.5 E83
_bBC
_cLIBRO
_d33724000428124
_eLIBRO
_fv.16
_h81752
_i5396
_si
999 _c5204
_d5204